Rekordy w świecie zwierząt - Statystyki

Ogólne statystyki
  • Ten quiz został rozwiązany 76 razy
  • Średni wynik to 5 z 18
Statystyki odpowiedzi
Opis Zwierzę % Poprawnych
Największym zwierzęciem na świecie jest płetwal błękitny
84%
Największe zwierzę lądowe słoń afrykański
74%
Najszybszym zwierzęciem lądowym jest gepard
50%
Najwyższe zwierze na świecie żyrafa
45%
Najmniejszy latający ptak koliber
37%
Największy gryzoń na świecie kapibara
35%
Największy dziób ptaka ma tukan
32%
Najdłuższy skok w porównaniu do wielkości ciała wykonuje pchła
29%
Największy pająk na świecie ptasznik
27%
Największy lądowy gad świata waran
27%
Najpowolniejsze zwierze świata leniwiec
26%
Największy ptak na świecie struś afrykański
18%
Najmniejszy ssak ryjówka
16%
Najgłębiej nurkujący ptak pingwin cesarski
13%
Największy mięczak na świecie kałamarnica
8%
Największy drapieżnik w Ameryce aligator
3%
Najmniejszy ssak drapieżny łasica
3%
Najsilniejszy owad świata rohatyniec
2%
Nie znaleziono quizów pasujących do podanych kryteriów
Rozkład punktacji
Procent ludzi z każdym wynikiem
Percentyl według liczby udzielonych odpowiedzi
Twoja historia wyników
Nie rozwiązałeś tego quizu